Insolvency Law and its operation in winding-up / (Record no. 3216)

MARC details
000 -LEADER
fixed length control field 00458nam a22001577a 4500
005 - DATE AND TIME OF INPUT
control field 20241014074235.0
008 - DATA ELEMENTS--GENERAL INFORMATION
fixed length control field 241014b |||||||| |||| 00| 0 eng d
041 ## - LANGUAGE CODE
Language code of text English
082 ## - SHELF NUMBER
DDC number 346.7 MES
100 ## - MAIN AUTHOR
Language of a work English
245 ## - TITLE STATEMENT
Title Insolvency Law and its operation in winding-up /
Statement of responsibility, etc. A Boraine
260 ## - PUBLICATION, DISTRIBUTION, ETC.
Place of publication, distribution, etc. Durban:
Name of publisher, distributor, etc. LexisNexis,
Date of publication, distribution, etc. 2024
300 ## - PHYSICAL DESCRIPTION
Other physical details 67 pages ;
Dimensions 26 cm.
650 ## - SUBJECT`
Broad subject Legal practice
Own subject terms Law
942 ## - ADDED ENTRY ELEMENTS (KOHA)
Item type Books
942 ## - ADDED ENTRY ELEMENTS (KOHA)
-- ALISON_BN_VRIES
Holdings
Source of classification or shelving scheme Not for loan Collection code Home library Current library Shelving location Date acquired Full call number Barcode Price effective from Koha item type
Dewey Decimal Classification   TEXT BOOKS LAW SOCIETY OF NAMIBIA LIBRARY - WINDHOEK LAW SOCIETY OF NAMIBIA LIBRARY - WINDHOEK INSOLVENCY AND INSURANCE 10/14/2024 346.7 MES LSN/2024/121 10/14/2024 Books